[Event "Titled Tuesday intern op 05th Sep Early"]
[Site "Chess.com INT"]
[Date "2023.09.05"]
[Round "1"]
[White "Kleiman, Jake"]
[Black "Konenkin, Dmitry"]
[Result "1-0"]
[WhiteElo "2399"]
[BlackElo "2267"]
[PlyCount "65"]
[EventDate "2023.09.05"]
[EventType "swiss (blitz)"]
[EventRounds "11"]
[EventCountry "USA"]
[SourceTitle "EXT 2024"]
[Source "ChessBase"]
[SourceDate "2023.10.10"]
[SourceVersion "1"]
[SourceVersionDate "2023.10.10"]
[SourceQuality "1"]

1. e4 d6 2. d4 Nf6 3. Nc3 e5 4. Nf3 Nbd7 5. Bc4 Be7 6. 0-0 c6 7. a4 Qc7 8. Re1 h6 9. Ba2 Nf8 10. b4 g5 11. b5 Ng6 12. bxc6 bxc6 13. d5 g4 14. Nd2 cxd5 15. Nxd5 Nxd5 16. Bxd5 Bb7 17. Bxb7 Qxb7 18. Qxg4 Rc8 19. c4 Nf4 20. Nf3 Ne6 21. Bd2 Rxc4 22. Rab1 Qc8 23. Rec1 Rc7 24. g3 Kd7 25. Qf5 Rc2 26. Rxc2 Qxc2 27. Rb7+ Ke8 28. Rxa7 Qd1+ 29. Kg2 Rg8 30. Bxh6 Rg6 31. Be3 Rf6 32. Qh5 Bd8 33. Ra8 1-0

[Event "Titled Tuesday intern op 05th Sep Early"]
[Site "Chess.com INT"]
[Date "2023.09.05"]
[Round "6"]
[White "Konenkin, Dmitry"]
[Black "Parpiev, Isaak"]
[Result "1/2-1/2"]
[WhiteElo "2267"]
[BlackElo "2158"]
[PlyCount "108"]
[EventDate "2023.09.05"]
[EventType "swiss (blitz)"]
[EventRounds "11"]
[EventCountry "USA"]
[SourceTitle "EXT 2024"]
[Source "ChessBase"]
[SourceDate "2023.10.10"]
[SourceVersion "1"]
[SourceVersionDate "2023.10.10"]
[SourceQuality "1"]

1. d4 Nf6 2. Bg5 d5 3. Nd2 Bf5 4. e3 e6 5. Ngf3 Be7 6. c4 0-0 7. Be2 h6 8. Bh4 c6 9. 0-0 Nbd7 10. Qb3 Qb6 11. c5 Qc7 12. Bg3 Qc8 13. h3 Ne4 14. Nxe4 Bxe4 15. Nd2 Bh7 16. Bd3 Bxd3 17. Qxd3 e5 18. b4 e4 19. Qb3 Kh8 20. b5 f5 21. Rab1 Nf6 22. bxc6 bxc6 23. Qb7 Qe6 24. Nb3 a5 25. Qb6 Qd7 26. Be5 a4 27. Nc1 Qe6 28. Ne2 Nh5 29. Qc7 Rfc8 30. Qb7 Bf6 31. Bd6 Kg8 32. Rb6 Qf7 33. Rfb1 Qxb7 34. Rxb7 a3 35. R1b3 Ra4 36. Nc3 Ra5 37. Nb1 Rca8 38. Rc7 R5a6 39. Rb6 Ra4 40. Rcxc6 Rc4 41. g4 fxg4 42. hxg4 Rc1+ 43. Kg2 Rc2 44. gxh5 Bh4 45. Bg3 Bxg3 46. Kxg3 Rxa2 47. Ra6 Rf8 48. Nxa3 Rf3+ 49. Kg4 Raxf2 50. Rg6 Rg2+ 51. Kh4 Rh2+ 52. Kg4 Rg2+ 53. Kh4 Rh2+ 54. Kg4 Rg2+ 1/2-1/2

[Event "Titled Tuesday intern op 29th Aug Early"]
[Site "Chess.com INT"]
[Date "2023.08.29"]
[Round "7"]
[White "Konenkin, Dmitry"]
[Black "Marcziter, Dmitrii"]
[Result "0-1"]
[WhiteElo "2267"]
[BlackElo "2228"]
[PlyCount "60"]
[EventDate "2023.08.29"]
[EventType "swiss (blitz)"]
[EventRounds "11"]
[EventCountry "USA"]
[SourceTitle "EXT 2024"]
[Source "ChessBase"]
[SourceDate "2023.10.10"]
[SourceVersion "1"]
[SourceVersionDate "2023.10.10"]
[SourceQuality "1"]

1. d4 Nf6 2. Bg5 Ne4 3. Bh4 d5 4. f3 Nd6 5. Nc3 Nf5 6. Bf2 c5 7. e3 cxd4 8. exd4 Nc6 9. g4 Nh6 10. Bd3 g6 11. Nge2 Bg7 12. Qd2 f5 13. Be3 Nf7 14. gxf5 Bxf5 15. Bxf5 gxf5 16. 0-0-0 Qd7 17. Rhg1 Bf6 18. Nf4 e6 19. Nh5 Qe7 20. Nb5 0-0-0 21. Qc3 Bg5 22. Nxa7+ Kc7 23. Nxc6 bxc6 24. Rxg5 Nxg5 25. Bf4+ Kd7 26. Rg1 h6 27. h4 Rdg8 28. hxg5 hxg5 29. Qa5 gxf4 30. Qc7+ Kxc7 0-1

[Event "Titled Tuesday intern op 29th Aug Early"]
[Site "Chess.com INT"]
[Date "2023.08.29"]
[Round "9"]
[White "Konenkin, Dmitry"]
[Black "Monpeurt, Cyrielle"]
[Result "1-0"]
[WhiteElo "2267"]
[BlackElo "2129"]
[PlyCount "103"]
[EventDate "2023.08.29"]
[EventType "swiss (blitz)"]
[EventRounds "11"]
[EventCountry "USA"]
[SourceTitle "EXT 2024"]
[Source "ChessBase"]
[SourceDate "2023.10.10"]
[SourceVersion "1"]
[SourceVersionDate "2023.10.10"]
[SourceQuality "1"]

1. d4 Nf6 2. Bg5 Ne4 3. Bh4 g5 4. f3 gxh4 5. fxe4 e5 6. Nf3 Bg7 7. e3 d5 8. exd5 e4 9. Ne5 Qg5 10. Qe2 f6 11. Nc4 Bg4 12. Qf2 0-0 13. Nc3 f5 14. Be2 Nd7 15. 0-0-0 Nb6 16. Ne5 Rad8 17. h3 Bxe2 18. Qxe2 Nxd5 19. Nxd5 Rxd5 20. Rhf1 c6 21. c4 Ra5 22. Kb1 Bxe5 23. dxe5 Rxe5 24. Rd7 Re7 25. Rfd1 Rfe8 26. Qd2 Qf6 27. Rd6 Re6 28. c5 b6 29. Qb4 bxc5 30. Qxc5 Rb8 31. b3 Rxd6 32. Rxd6 Qf8 33. Qc4+ Kh8 34. Rxc6 Rd8 35. Qc3+ Kg8 36. Rc7 Rd1+ 37. Kb2 Rd8 38. Qe5 a6 39. Qe6+ Kh8 40. Qe5+ Kg8 41. a4 Re8 42. Qd5+ Kh8 43. Qd4+ Kg8 44. Qc4+ Kh8 45. Qxa6 Rd8 46. Qc4 Qf6+ 47. Ka3 Qa1+ 48. Kb4 Qe1+ 49. Kb5 Rb8+ 50. Kc6 Qa5 51. Qd4+ Kg8 52. Qg7# 1-0

[Event "Titled Tuesday intern op 15th Aug Early"]
[Site "Chess.com INT"]
[Date "2023.08.15"]
[Round "9"]
[White "Begunov, Konstantin"]
[Black "Konenkin, Dmitry"]
[Result "0-1"]
[WhiteElo "2325"]
[BlackElo "2267"]
[PlyCount "78"]
[EventDate "2023.08.15"]
[EventType "swiss (blitz)"]
[EventRounds "11"]
[EventCountry "USA"]
[SourceTitle "EXT 2024"]
[Source "ChessBase"]
[SourceDate "2023.10.10"]
[SourceVersion "1"]
[SourceVersionDate "2023.10.10"]
[SourceQuality "1"]

1. d4 d6 2. e4 Nf6 3. f3 e5 4. Ne2 Be7 5. Be3 0-0 6. c4 c6 7. Nbc3 a6 8. Qd2 b5 9. Ng3 Nbd7 10. Nf5 Nb6 11. Nxe7+ Qxe7 12. b3 Nfd7 13. Be2 Bb7 14. 0-0 Rad8 15. d5 bxc4 16. dxc6 Bxc6 17. bxc4 Nc5 18. Rab1 Nba4 19. Nd5 Bxd5 20. cxd5 Rb8 21. Qc2 Qc7 22. Bxa6 Rxb1 23. Rxb1 Nxa6 24. Qxa4 Qc3 25. Qb3 Qc7 26. Qb6 Qc2 27. Qb3 Qe2 28. Ba7 h5 29. Qb5 Qc2 30. h4 Rc8 31. Kh2 Qxa2 32. Qb7 Rc2 33. Rg1 Qb2 34. Qxa6 Qc3 35. Qf1 Qd2 36. Bb6 Qf4+ 37. Kh3 g5 38. Qe1 g4+ 39. fxg4 hxg4# 0-1

[Event "Titled Tuesday intern op 15th Aug Early"]
[Site "Chess.com INT"]
[Date "2023.08.15"]
[Round "4"]
[White "Gulamirian, Korun"]
[Black "Konenkin, Dmitry"]
[Result "0-1"]
[WhiteElo "1816"]
[BlackElo "2267"]
[PlyCount "78"]
[EventDate "2023.08.15"]
[EventType "swiss (blitz)"]
[EventRounds "11"]
[EventCountry "USA"]
[SourceTitle "EXT 2024"]
[Source "ChessBase"]
[SourceDate "2023.10.10"]
[SourceVersion "1"]
[SourceVersionDate "2023.10.10"]
[SourceQuality "1"]

1. d4 d6 2. c4 e5 3. Nc3 exd4 4. Qxd4 Nc6 5. Qd1 Be6 6. e4 g6 7. Nf3 Bg7 8. Be3 Nf6 9. Be2 Ng4 10. Bg5 f6 11. Bd2 Nge5 12. b3 0-0 13. 0-0 Nxf3+ 14. Bxf3 Nd4 15. Bg4 Qd7 16. Bxe6+ Qxe6 17. Be3 Nc6 18. Qc2 f5 19. exf5 Rxf5 20. Rae1 Qf7 21. Ne4 Re8 22. Ng3 Rfe5 23. Qd2 Qe6 24. Ne2 a6 25. Nf4 Qf7 26. Nd5 Nd8 27. Bg5 Ne6 28. Rxe5 Bxe5 29. Bh6 c6 30. Ne3 g5 31. Ng4 Qg6 32. Re1 Nf4 33. g3 Nd3 34. Re3 Nc5 35. Qe2 Nd7 36. f4 gxf4 37. gxf4 Bd4 38. Kh1 Bxe3 39. f5 Qh5 0-1

[Event "Titled Tuesday intern op 08th Aug Early"]
[Site "Chess.com INT"]
[Date "2023.08.08"]
[Round "1"]
[White "Erzhanov, Arman"]
[Black "Konenkin, Dmitry"]
[Result "1-0"]
[WhiteElo "2175"]
[BlackElo "2267"]
[PlyCount "81"]
[EventDate "2023.08.08"]
[EventType "swiss (blitz)"]
[EventRounds "11"]
[EventCountry "USA"]
[SourceTitle "EXT 2024"]
[Source "ChessBase"]
[SourceDate "2023.10.10"]
[SourceVersion "1"]
[SourceVersionDate "2023.10.10"]
[SourceQuality "1"]

1. e4 d6 2. d4 Nf6 3. Nc3 e5 4. Nge2 Be7 5. h3 0-0 6. g4 c6 7. Bg2 b5 8. a3 a5 9. 0-0 Ba6 10. Re1 b4 11. axb4 axb4 12. Na4 Nbd7 13. b3 Bb5 14. Be3 Re8 15. Qd2 Bxa4 16. bxa4 Nb6 17. Qxb4 d5 18. Qb3 Nc4 19. dxe5 Nxe5 20. exd5 Nxd5 21. Red1 Rb8 22. Bxd5 Rxb3 23. Bxf7+ Kxf7 24. Rxd8 Rxd8 25. cxb3 Rb8 26. Nd4 Bc5 27. Nxc6 Nxc6 28. Bxc5 Rxb3 29. a5 Rb5 30. Bb6 Ke6 31. Kg2 Kd7 32. h4 Kc8 33. h5 Kb7 34. f4 Ka6 35. g5 Rb3 36. Ra4 Nb4 37. f5 Nd5 38. Rd4 Ne3+ 39. Kf2 Nxf5 40. Rd7 Rb5 41. Ra7# 1-0

[Event "Titled Tuesday intern op 08th Aug Early"]
[Site "Chess.com INT"]
[Date "2023.08.08"]
[Round "3"]
[White "Janaszak, Dawid"]
[Black "Konenkin, Dmitry"]
[Result "1-0"]
[WhiteElo "2302"]
[BlackElo "2267"]
[PlyCount "93"]
[EventDate "2023.08.08"]
[EventType "swiss (blitz)"]
[EventRounds "11"]
[EventCountry "USA"]
[SourceTitle "EXT 2024"]
[Source "ChessBase"]
[SourceDate "2023.10.10"]
[SourceVersion "1"]
[SourceVersionDate "2023.10.10"]
[SourceQuality "1"]

1. e4 d6 2. Nc3 Nf6 3. d4 e5 4. Nge2 Be7 5. g3 h5 6. h3 Nc6 7. Bg2 h4 8. g4 exd4 9. Nxd4 Nxd4 10. Qxd4 Be6 11. Bf4 c5 12. Qd2 Qb6 13. 0-0-0 0-0-0 14. Rhe1 Nd7 15. Nd5 Bxd5 16. Qxd5 Bf6 17. c3 Ne5 18. Be3 Qc6 19. f4 Qxd5 20. Rxd5 Nc4 21. Bf2 Rhe8 22. g5 Be7 23. Bxh4 Nb6 24. Rd2 Rh8 25. Bg3 f6 26. h4 Nc4 27. Rf2 fxg5 28. fxg5 Rhf8 29. Ref1 Ne3 30. Rxf8 Bxf8 31. Bh3+ Kc7 32. Rf7+ Kc6 33. b3 d5 34. Kd2 d4 35. e5 Nd5 36. c4 Ne3 37. e6 Re8 38. h5 b5 39. Kd3 bxc4+ 40. bxc4 Rd8 41. e7 Bxe7 42. Rxe7 Rf8 43. h6 gxh6 44. gxh6 Rf3 45. h7 Nf5+ 46. Ke2 Rxg3 47. Bxf5 1-0

[Event "Titled Tuesday intern op 08th Aug Early"]
[Site "Chess.com INT"]
[Date "2023.08.08"]
[Round "2"]
[White "Konenkin, Dmitry"]
[Black "Rottenwohrer Suarez, Juan"]
[Result "1-0"]
[WhiteElo "2267"]
[BlackElo "2247"]
[PlyCount "47"]
[EventDate "2023.08.08"]
[EventType "swiss (blitz)"]
[EventRounds "11"]
[EventCountry "USA"]
[SourceTitle "EXT 2024"]
[Source "ChessBase"]
[SourceDate "2023.10.10"]
[SourceVersion "1"]
[SourceVersionDate "2023.10.10"]
[SourceQuality "1"]

1. d4 d5 2. Bg5 h6 3. Bh4 c5 4. dxc5 Na6 5. e4 dxe4 6. Qxd8+ Kxd8 7. Bxa6 bxa6 8. Nc3 f5 9. 0-0-0+ Ke8 10. Nd5 Kf7 11. Bg3 Bb7 12. Ne2 e6 13. Nc7 Rc8 14. Nd4 Bxc5 15. Ndxe6 Be7 16. Nd4 Bg5+ 17. Kb1 f4 18. Nce6 fxg3 19. hxg3 Nf6 20. Rhe1 Rhe8 21. Nxg5+ hxg5 22. Nf5 Kg6 23. Nd6 Red8 24. Nxb7 1-0

[Event "Titled Tuesday intern op 01st Feb-A"]
[Site "Chess.com INT"]
[Date "2022.02.01"]
[Round "3"]
[White "Konenkin, Dmitry"]
[Black "Perez Rodriguez, Jennifer"]
[Result "1-0"]
[WhiteElo "2267"]
[BlackElo "2251"]
[PlyCount "41"]
[EventDate "2022.02.01"]
[EventType "swiss (blitz)"]
[EventRounds "11"]
[EventCountry "USA"]
[SourceTitle "CBM 206 Extra"]
[Source "ChessBase"]
[SourceDate "2022.03.31"]
[SourceVersion "1"]
[SourceVersionDate "2022.03.31"]
[SourceQuality "1"]

1. d4 Nf6 2. Bg5 c5 3. Nc3 Qb6 4. d5 Qxb2 5. Bd2 Qb6 6. e4 d6 7. Rb1 Qd8 8. f4 e6 9. Bb5+ Bd7 10. dxe6 fxe6 11. Nf3 Nc6 12. 0-0 a6 13. Bxc6 Bxc6 14. Ng5 Qd7 15. e5 Nd5 16. f5 exf5 17. e6 Qe7 18. Rxf5 0-0-0 19. Nxd5 Bxd5 20. Rxd5 Re8 21. Qf3 1-0

[Event "Titled Tuesday intern op 15th June"]
[Site "Chess.com INT"]
[Date "2021.06.15"]
[Round "2"]
[White "Konenkin, Dmitry"]
[Black "Starozhilov, Leonid"]
[Result "0-1"]
[WhiteElo "2267"]
[BlackElo "2323"]
[PlyCount "52"]
[EventDate "2021.06.15"]
[EventType "swiss (blitz)"]
[EventRounds "11"]
[EventCountry "USA"]
[SourceTitle "CBM 203 Extra"]
[Source "ChessBase"]
[SourceDate "2021.09.30"]
[SourceVersion "1"]
[SourceVersionDate "2021.09.30"]
[SourceQuality "1"]

1. d4 Nf6 2. Bg5 c5 3. d5 b5 4. Bxf6 gxf6 5. e4 a6 6. Nf3 d6 7. Be2 Bg7 8. 0-0 f5 9. c3 fxe4 10. Ng5 Bf5 11. Bg4 Bg6 12. Nd2 e5 13. Ndxe4 h6 14. f4 hxg5 15. f5 Bh7 16. Qf3 Bf6 17. Bh5 Ke7 18. g4 Nd7 19. Kf2 a5 20. h4 Qg8 21. Rae1 gxh4 22. g5 Bxg5 23. Rg1 f6 24. Nxg5 fxg5 25. f6+ Nxf6 26. Qh3 Nxh5 0-1

[Event "Titled Tuesday intern op 15th June"]
[Site "Chess.com INT"]
[Date "2021.06.15"]
[Round "1"]
[White "Ozen, Bahadir"]
[Black "Konenkin, Dmitry"]
[Result "0-1"]
[WhiteElo "2369"]
[BlackElo "2267"]
[PlyCount "128"]
[EventDate "2021.06.15"]
[EventType "swiss (blitz)"]
[EventRounds "11"]
[EventCountry "USA"]
[SourceTitle "CBM 203 Extra"]
[Source "ChessBase"]
[SourceDate "2021.09.30"]
[SourceVersion "1"]
[SourceVersionDate "2021.09.30"]
[SourceQuality "1"]

1. c4 e5 2. Nc3 Nf6 3. Nf3 Nc6 4. e3 Bb4 5. Qc2 0-0 6. Nd5 a5 7. Qf5 Nxd5 8. cxd5 d6 9. Qc2 Ne7 10. Bc4 Bg4 11. 0-0 Bxf3 12. gxf3 f5 13. Kh1 Qe8 14. Rg1 Qh5 15. Qd1 f4 16. d4 fxe3 17. Bxe3 Qxf3+ 18. Qxf3 Rxf3 19. a3 exd4 20. Bxd4 Nf5 21. Bxg7 Nxg7 22. axb4 Rxf2 23. bxa5 Rxb2 24. Ra3 Rf8 25. Rag3 Rf7 26. h4 Kf8 27. Bd3 Rff2 28. Rc1 Rf7 29. Rg2 Rxg2 30. Kxg2 Nh5 31. Bb1 Nf4+ 32. Kh1 Nxd5 33. Ba2 Rf5 34. Bxd5 Rxd5 35. Rxc7 Rxa5 36. Rxb7 Rh5 37. Rb4 Ke7 38. Kg2 Ke6 39. Kg3 Ra5 40. Rb7 h5 41. Rb8 Ke5 42. Rh8 Ke4 43. Re8+ Kd4 44. Kf3 Re5 45. Rd8 d5 46. Rd7 Re4 47. Kg3 Ke5 48. Re7+ Kf6 49. Rh7 Kg6 50. Rd7 Rg4+ 51. Kh3 Rd4 52. Kg3 Kf5 53. Rh7 Rd3+ 54. Kf2 Kg4 55. Ke2 Rd4 56. Rd7 Kxh4 57. Ke3 Re4+ 58. Kf3 Re5 59. Kf4 Rg5 60. Rd8 Rg4+ 61. Kf3 d4 62. Rd5 Rg3+ 63. Kf4 d3 64. Rd4 Rg4+ 0-1

[Event "Titled Tuesday intern op 01st June"]
[Site "Chess.com INT"]
[Date "2021.06.01"]
[Round "4"]
[White "Girish, A Koushnik"]
[Black "Konenkin, Dmitry"]
[Result "1/2-1/2"]
[WhiteElo "2498"]
[BlackElo "2267"]
[PlyCount "164"]
[EventDate "2021.06.01"]
[EventType "swiss (blitz)"]
[EventRounds "11"]
[EventCountry "USA"]
[SourceTitle "CBM 202 Extra"]
[Source "ChessBase"]
[SourceDate "2021.07.31"]
[SourceVersion "1"]
[SourceVersionDate "2021.07.31"]
[SourceQuality "1"]

1. d4 d6 2. Nf3 Bg4 3. c4 Nd7 4. Nc3 e5 5. g3 Ngf6 6. Bg2 Be7 7. 0-0 0-0 8. Nh4 c6 9. h3 Bh5 10. Nf5 Bg6 11. e4 Bxf5 12. exf5 exd4 13. Qxd4 Qb6 14. Qd2 Ne5 15. b3 Nfd7 16. Bb2 Rad8 17. Rad1 Bf6 18. Ne4 Be7 19. Kh2 Nc5 20. Nxc5 Qxc5 21. Rfe1 Bf6 22. g4 h6 23. Bd4 Qa3 24. f4 Nd7 25. Bxf6 Nxf6 26. g5 hxg5 27. fxg5 Nh5 28. Bf3 g6 29. Re2 Qc5 30. Bxh5 gxh5 31. Qf4 Rfe8 32. Rde1 Rxe2+ 33. Rxe2 d5 34. f6 dxc4 35. bxc4 Qd6 36. Re8+ Kh7 37. Qxd6 Rxd6 38. Re7 Rd2+ 39. Kg3 Kg6 40. h4 Rxa2 41. Rxb7 Rc2 42. Rxa7 Rxc4 43. Ra8 Rg4+ 44. Kh3 c5 45. Rg8+ Kf5 46. Rg7 Ke6 47. Rh7 c4 48. Rxh5 Rg1 49. Rh8 c3 50. Rc8 Rc1 51. Kg2 c2 52. h5 Kf5 53. Rc5+ Kg4 54. h6 Ra1 55. Rxc2 Kxg5 56. h7 Ra8 57. Kf3 Rh8 58. Rh2 Kxf6 59. Kf4 Kg7 60. Kf5 Rxh7 61. Rxh7+ Kxh7 62. Kf6 Kg8 63. Kf5 Kf8 64. Kf6 Ke8 65. Kf5 Ke7 66. Ke5 f6+ 67. Kf5 Kf7 68. Kf4 Ke6 69. Ke4 f5+ 70. Kf4 Kf6 71. Kf3 Kg5 72. Kg3 f4+ 73. Kf3 Kf5 74. Kf2 Ke4 75. Ke2 Kf5 76. Kf3 Kg5 77. Kf2 Kg4 78. Kg2 f3+ 79. Kf2 Kf4 80. Kf1 Kg3 81. Kg1 f2+ 82. Kf1 Kf3 1/2-1/2

[Event "Titled Tuesday intern op 23rd June"]
[Site "Chess.com INT"]
[Date "2020.06.23"]
[Round "4"]
[White "Fakhrutdinov, Timur"]
[Black "Konenkin, Dmitry"]
[Result "1-0"]
[WhiteElo "2501"]
[BlackElo "2267"]
[PlyCount "61"]
[EventDate "2020.06.23"]
[EventType "swiss (blitz)"]
[EventRounds "10"]
[EventCountry "USA"]
[SourceTitle "CBM 197 Extra"]
[Source "ChessBase"]
[SourceDate "2020.09.30"]
[SourceVersion "1"]
[SourceVersionDate "2020.09.30"]
[SourceQuality "1"]

1. e4 d6 2. d4 Nf6 3. Nc3 e5 4. Nf3 Nbd7 5. Bc4 Be7 6. 0-0 0-0 7. Re1 c6 8. a4 b6 9. Ba2 Qc7 10. h3 a6 11. Nh4 g6 12. Bh6 Re8 13. Nf3 Bf8 14. Qd2 Bg7 15. Rad1 Nf8 16. Bxg7 Kxg7 17. dxe5 dxe5 18. Qd6 Ra7 19. Ng5 Qxd6 20. Rxd6 h6 21. Nxf7 Rxf7 22. Bxf7 Kxf7 23. Rxc6 N8d7 24. Rd1 Bb7 25. Rc7 Bc8 26. Rd6 Ke7 27. Rdc6 b5 28. Rxc8 Rxc8 29. Rxc8 bxa4 30. Rc6 Nb8 31. Rb6 1-0

[Event "Titled Tuesday intern op 16th June"]
[Site "Chess.com INT"]
[Date "2020.06.16"]
[Round "8"]
[White "Konenkin, Dmitry"]
[Black "Shapkin, Anatoliy"]
[Result "0-1"]
[WhiteElo "2267"]
[BlackElo "2283"]
[PlyCount "44"]
[EventDate "2020.06.16"]
[EventType "swiss (blitz)"]
[EventRounds "10"]
[EventCountry "USA"]
[SourceTitle "EXT 2021"]
[Source "ChessBase"]
[SourceDate "2020.10.23"]
[SourceVersion "1"]
[SourceVersionDate "2020.10.23"]
[SourceQuality "1"]

1. d4 Nf6 2. Bg5 Ne4 3. Bh4 c5 4. f3 g5 5. fxe4 gxh4 6. e3 Bh6 7. Kf2 cxd4 8. exd4 d5 9. e5 0-0 10. Nf3 Nc6 11. Nc3 f6 12. exf6 Rxf6 13. Bb5 h3 14. Rg1 Kh8 15. g4 Qd6 16. Rg3 Bf4 17. Bxc6 Bxg3+ 18. hxg3 bxc6 19. Ne2 Bxg4 20. Nf4 Raf8 21. Qd2 Rxf4 22. gxf4 Rxf4 0-1

[Event "Titled Tuesday intern op 9th June"]
[Site "Chess.com INT"]
[Date "2020.06.09"]
[Round "2"]
[White "Konenkin, Dmitry"]
[Black "Mendonca, Leon Luke"]
[Result "0-1"]
[WhiteElo "2267"]
[BlackElo "2452"]
[PlyCount "106"]
[EventDate "2020.06.09"]
[EventType "swiss (blitz)"]
[EventRounds "10"]
[EventCountry "USA"]
[SourceTitle "CBM 196 Extra"]
[Source "ChessBase"]
[SourceDate "2020.07.31"]
[SourceVersion "1"]
[SourceVersionDate "2020.07.31"]
[SourceQuality "1"]

1. d4 Nf6 2. Bg5 e6 3. e4 h6 4. Bxf6 Qxf6 5. Nc3 d6 6. Qd2 g6 7. 0-0-0 Bg7 8. f4 Nd7 9. Nf3 Qe7 10. g4 b6 11. Nb5 0-0 12. Nxc7 Rb8 13. Na6 Bxa6 14. Bxa6 b5 15. Qa5 Qd8 16. Qxd8 Rfxd8 17. a4 bxa4 18. f5 exf5 19. gxf5 gxf5 20. exf5 Rb6 21. Bc4 Rdb8 22. b3 Nf6 23. bxa4 Ne4 24. Bb3 Nf2 25. Rhg1 Kf8 26. Rdf1 Nd3+ 27. Kd2 Nf4 28. Ke3 Nh5 29. Nd2 Nf6 30. Kd3 d5 31. Rf3 Rd6 32. Rfg3 Bh8 33. Nf3 Ke7 34. Ne5 Rc8 35. Rh3 Ne4 36. c4 Nf2+ 37. Ke3 Nxh3 38. Re1 dxc4 39. Nxc4 Rdc6 40. Kf3+ Kf8 41. Ne3 Rc3 42. Bd5 Ng5+ 43. Kf4 Bxd4 44. Ng4 Bg7 45. f6 Bh8 46. Nxh6 Nh3+ 47. Ke5 Re8+ 48. Kd6 Rxe1 49. Nxf7 Bxf6 50. Be6 Be7+ 51. Kd5 Rxe6 52. Ne5 Rxe5+ 53. Kxe5 Ra3 0-1

[Event "Titled Tuesday intern op 9th June"]
[Site "Chess.com INT"]
[Date "2020.06.09"]
[Round "7"]
[White "Konenkin, Dmitry"]
[Black "Tanaka, Taira Tyler"]
[Result "0-1"]
[WhiteElo "2267"]
[BlackElo "2106"]
[PlyCount "126"]
[EventDate "2020.06.09"]
[EventType "swiss (blitz)"]
[EventRounds "10"]
[EventCountry "USA"]
[SourceTitle "CBM 196 Extra"]
[Source "ChessBase"]
[SourceDate "2020.07.31"]
[SourceVersion "1"]
[SourceVersionDate "2020.07.31"]
[SourceQuality "1"]

1. d4 Nf6 2. Bg5 c5 3. Nc3 cxd4 4. Qxd4 Nc6 5. Qh4 e6 6. 0-0-0 Be7 7. e4 h6 8. f4 0-0 9. Nf3 Qa5 10. e5 hxg5 11. Nxg5 Nxe5 12. fxe5 Qxe5 13. Bd3 Nh5 14. Nce4 Qf4+ 15. Qxf4 Nxf4 16. Rdf1 Nxd3+ 17. cxd3 d5 18. Nf3 dxe4 19. dxe4 Bd7 20. Kb1 Bc6 21. Re1 Rfd8 22. Ne5 Bf6 23. Ng4 Be7 24. Rhf1 Rd4 25. Ne5 Rxe4 26. Kc2 Rxe1 27. Rxe1 Rc8 28. Kd3 Bb5+ 29. Ke4 Bf6 30. Ng4 Rc4+ 31. Kf3 Bc6+ 32. Kg3 Rc2 33. Rd1 Rxg2+ 34. Kh3 Kh7 35. Rc1 Rxb2 36. Rc5 Rxa2 37. Rh5+ Kg8 38. Rc5 Ra3+ 39. Ne3 Rxe3+ 40. Kg4 Rd3 41. Rc1 Rd4+ 42. Kg3 Be5+ 43. Kh3 Rd3+ 44. Kg4 Bxh2 45. Rc4 Be5 46. Rb4 Rd4+ 47. Rxd4 Bxd4 48. Kf4 Bb6 49. Ke5 f6+ 50. Kd6 e5 51. Ke6 e4 52. Kd6 e3 53. Ke6 e2 54. Kd6 Bd7 55. Kxd7 e1Q 56. Kc8 Qe8+ 57. Kxb7 g5 58. Ka6 g4 59. Kb7 g3 60. Ka6 g2 61. Kb7 g1Q 62. Ka6 Ba5 63. Kb7 Qb6# 0-1

[Event "Titled Tuesday intern op 9th June"]
[Site "Chess.com INT"]
[Date "2020.06.09"]
[Round "6"]
[White "Skatchkov, Valery"]
[Black "Konenkin, Dmitry"]
[Result "1-0"]
[WhiteElo "2242"]
[BlackElo "2267"]
[PlyCount "77"]
[EventDate "2020.06.09"]
[EventType "swiss (blitz)"]
[EventRounds "10"]
[EventCountry "USA"]
[SourceTitle "CBM 196 Extra"]
[Source "ChessBase"]
[SourceDate "2020.07.31"]
[SourceVersion "1"]
[SourceVersionDate "2020.07.31"]
[SourceQuality "1"]

1. Nf3 Nf6 2. g3 g6 3. Bg2 Bg7 4. d4 0-0 5. 0-0 d6 6. c4 Nbd7 7. Nc3 e5 8. e4 Re8 9. Re1 c6 10. h3 Qc7 11. Be3 a6 12. c5 dxc5 13. dxc5 Bf8 14. b4 a5 15. a3 b6 16. cxb6 Nxb6 17. bxa5 Rxa5 18. Qb3 Nfd7 19. Rec1 Nc5 20. Qb4 Nbd7 21. Rd1 Ba6 22. Qb2 Rb8 23. Qc2 Nb3 24. Rab1 Rxa3 25. h4 Nbc5 26. Rxb8 Qxb8 27. Rb1 Rb3 28. Ra1 Bd3 29. Qc1 Nxe4 30. Nxe4 Bxe4 31. Nd2 Rb4 32. Nxe4 Rxe4 33. Bxe4 c5 34. Ra8 Qd6 35. Qd2 Qxd2 36. Bxd2 Kg7 37. Bc3 Kf6 38. Bc6 Nb6 39. Rxf8 1-0